000 00378nam a2200157Ia 4500
008 221030s9999 xx 000 0 und d
020 _a8121906512
041 _aEnglish
082 _a105.23
_bKhu
100 _aR. S. Khurmi
245 0 _aText Book of Engineering Mechanics
260 _bS. Chand & Co
_aNew Delhi
_c2002
300 _a840
650 _aMechanical
942 _cBK
999 _c3045
_d3045